| 000 | 00851cam a22002777a 4500 | ||
|---|---|---|---|
| 003 | CHAP | ||
| 005 | 20220329134413.0 | ||
| 008 | 971013s r 00010 d | ||
| 010 | _a20031 | ||
| 011 | _a21003 | ||
| 035 | _a25092 | ||
| 040 | _cCHAP | ||
| 090 | _aFolleto 14389 | ||
| 100 | 0 | 0 |
_aMota Rojas, Daniel. _979067 |
| 245 | 1 | 3 |
_aLa leptospirosis _b: un problema para la porcicultura |
| 260 |
_aMĂ©xico, D.F. : _bCENID. MicrobiologĂa, _c(199 ?) |
||
| 300 | _ahoja desplegable | ||
| 590 |
_aBATCH-UPD _b10 _c20130110 _lUCH01 _h1503 |
||
| 590 |
_aCONVERSION _b10 _c20130109 _lUCH01 _h1312 |
||
| 650 | 1 | 4 |
_aGanado porcino _xEnfermedades. _945360 |
| 650 | 1 | 4 |
_aLeptospirosis. _966284 |
| 901 | _aBK | ||
| 942 | _cFOLL | ||
| 949 |
_aFolleto 14389 _bBC _cFOLL _d-100097 _eTS2 _fc.2 _i25092 _si |
||
| 949 |
_aFolleto 14389 _bBC _cFOLL _d-57804 _eTS1 _i25092 _si |
||
| 999 |
_c20031 _d20031 |
||